000 00908mam a2200289 4500
001 2005673
003 ARRUPE
005 20131220174313.0
008 740606s1931 mau 000 1 eng
010 _a 31011921
035 _a(OCoLC)ocm00909194
035 _a(NNC)2005673
040 _aDLC
_cPCJ
_dSER
_dTJC
_dOCL
_dLRU
_dSER
041 1 _aeng
_hger
050 0 _aPZ3.R2818
_bRo
082 0 0 _a833.91
100 1 _aRemarque, Erich Maria,
_d1898-1970.
_96480
240 0 0 _aWeg zurück.
_lEnglish
245 1 4 _aThe road back,
_ctranslated from the German by A.W. Wheen.
260 _aBoston,
_bLittle, Brown, and Company,
_c1931.
300 _a3 p. †., 3-343, [1] p.
_c20 cm.
500 _aTranslation of Der Weg zurück.
650 0 _aWorld War, 1914-1918
_vFiction.
_96481
700 1 _aWheen, A. W.
_q(Arthur Wesley),
_d1897-1971,
_etranslator.
_96482
942 _2lcc
_cMONOGRAPH
999 _c119491
_d119491